[Event "Titled Tuesday intern op 19th Jul Early"]
[Site "Chess.com INT"]
[Date "2022.07.19"]
[Round "9"]
[White "Hansen, Eric"]
[Black "Sarana, Alexey"]
[Result "0-1"]
[WhiteElo "2606"]
[BlackElo "2668"]
[PlyCount "84"]
[GameId "1806437911592960"]
[EventDate "2022.07.19"]
[EventType "swiss (blitz)"]
[EventRounds "11"]
[EventCountry "USA"]
[SourceTitle "EXT 2023"]
[Source "ChessBase"]
[SourceDate "2022.10.05"]
[SourceVersion "1"]
[SourceVersionDate "2022.10.05"]
[SourceQuality "1"]

1. e4 c5 2. Nf3 d6 3. d4 cxd4 4. Nxd4 Nf6 5. Nc3 a6 6. Be2 e5 7. Nb3 Be7 8. O-O O-O 9. Qd3 Be6 10. Nd5 Nxd5 11. exd5 Bc8 12. c4 Nd7 13. Kh1 f5 14. f4 a5 15. Be3 a4 16. Nd2 exf4 17. Bxf4 Ne5 18. Qe3 Ng6 19. Bg3 f4 20. Bxf4 Rxf4 21. Rxf4 Nxf4 22. Qxf4 Bg5 23. Qd4 Bf6 24. Qf4 a3 25. Rf1 axb2 26. Bd3 Qe7 27. Bb1 Qe5 28. Qf2 Bg4 29. Ne4 Rf8 30. Qb6 Be7 31. Rxf8+ Bxf8 32. Qf2 Be7 33. h3 Bh5 34. Kg1 Bg6 35. Qe3 h6 36. Kf2 Kh7 37. Ke2 Bf6 38. Qd3 Kh8 39. Kd1 Qf4 40. Qf3 Qc1+ 41. Ke2 Qxb1 42. Nxf6 Qc2+ 0-1

[Event "Titled Tuesday intern op 19th Jul Early"]
[Site "Chess.com INT"]
[Date "2022.07.19"]
[Round "11"]
[White "Timofeev, Artyom"]
[Black "Hansen, Eric"]
[Result "1-0"]
[WhiteElo "2564"]
[BlackElo "2606"]
[PlyCount "131"]
[GameId "1806437912551424"]
[EventDate "2022.07.19"]
[EventType "swiss (blitz)"]
[EventRounds "11"]
[EventCountry "USA"]
[SourceTitle "EXT 2023"]
[Source "ChessBase"]
[SourceDate "2022.10.05"]
[SourceVersion "1"]
[SourceVersionDate "2022.10.05"]
[SourceQuality "1"]

1. e4 c5 2. Nc3 e6 3. d4 cxd4 4. Qxd4 Nc6 5. Qd3 Nf6 6. Bf4 Qa5 7. O-O-O a6 8. Nf3 Bb4 9. Bd2 Ng4 10. Qe2 Qb6 11. Nd5 Bxd2+ 12. Rxd2 Qa5 13. Nc3 b5 14. Kb1 b4 15. Nd5 O-O 16. Ne3 Nf6 17. Nc4 Qc5 18. Nd6 a5 19. Qb5 Qa7 20. Qg5 a4 21. Bb5 a3 22. b3 h6 23. Qg3 Qc5 24. Rd3 Nh5 25. Qh4 Ne5 26. Nxe5 Qxe5 27. c3 Nf4 28. Rd4 bxc3 29. Rhd1 Ba6 30. Bxa6 c2+ 31. Kxc2 Rxa6 32. Nc4 Qf6 33. Qxf6 gxf6 34. Rxd7 Kg7 35. g3 Nh3 36. f4 Nf2 37. Re1 Rc8 38. Re2 Nh3 39. e5 h5 40. Kd3 Rc5 41. exf6+ Kxf6 42. Ne5 Rd5+ 43. Rxd5 exd5 44. Nd7+ Kf5 45. Re5+ Kg4 46. Rxd5 f6 47. b4 Re6 48. b5 Nf2+ 49. Kc4 Re2 50. Kb3 Re3+ 51. Ka4 Ne4 52. Ka5 Nc3 53. Rd2 Re1 54. Nxf6+ Kh3 55. Nd5 Ne4 56. Rc2 Rb1 57. b6 Rb2 58. Nb4 Nd6 59. Ka4 Rb1 60. Kxa3 h4 61. gxh4 Nb5+ 62. Ka4 Nd4 63. Rc3+ Kg4 64. b7 Ne6 65. b8=Q Nd4 66. Qg8+ 1-0

[Event "Titled Tuesday intern op 19th Jul Late"]
[Site "Chess.com INT"]
[Date "2022.07.19"]
[Round "1"]
[White "Urbina Perez, Juan Antonio"]
[Black "Hansen, Eric"]
[Result "0-1"]
[WhiteElo "2274"]
[BlackElo "2606"]
[PlyCount "98"]
[GameId "1806437912760320"]
[EventDate "2022.07.19"]
[EventType "swiss (blitz)"]
[EventRounds "11"]
[EventCountry "USA"]
[SourceTitle "EXT 2023"]
[Source "ChessBase"]
[SourceDate "2022.10.05"]
[SourceVersion "1"]
[SourceVersionDate "2022.10.05"]
[SourceQuality "1"]

1. e4 c5 2. Nf3 e6 3. c3 Nf6 4. e5 Nd5 5. g3 Nc6 6. Bg2 Qc7 7. Qe2 d6 8. exd6 Bxd6 9. O-O O-O 10. d4 cxd4 11. Nxd4 Nxd4 12. cxd4 Bd7 13. Be3 Rac8 14. Nd2 Qb6 15. b3 Nc3 16. Qh5 Bb5 17. Rfe1 Qa6 18. Ne4 Bb4 19. Nf6+ gxf6 20. Bh6 Bd3 21. Qg4+ Bg6 22. h4 f5 23. Qf3 Ne4 24. h5 Rc3 25. Qd1 Rd3 26. Qe2 Bxe1 27. Rxe1 Rc8 28. hxg6 hxg6 29. Bxe4 fxe4 30. Qxe4 Qa5 31. Bf4 Qf5 32. Qe2 Rxd4 33. Be5 Rc2 34. Qf1 Rdd2 35. Bf4 Rxf2 36. Qxf2 Rxf2 37. Kxf2 g5 38. Re5 Qc2+ 39. Re2 Qc5+ 40. Be3 Qf5+ 41. Kg2 Qe4+ 42. Kf2 Qf5+ 43. Kg2 a6 44. Bf2 Qd5+ 45. Kg1 f6 46. Re1 Kf7 47. b4 Qxa2 48. Bc5 Qb3 49. Re2 Qxg3+ 0-1

[Event "Titled Tuesday intern op 19th Jul Late"]
[Site "Chess.com INT"]
[Date "2022.07.19"]
[Round "2"]
[White "Hansen, Eric"]
[Black "Levine, Joseph1"]
[Result "1-0"]
[WhiteElo "2606"]
[BlackElo "2294"]
[PlyCount "65"]
[GameId "1806437913194496"]
[EventDate "2022.07.19"]
[EventType "swiss (blitz)"]
[EventRounds "11"]
[EventCountry "USA"]
[SourceTitle "EXT 2023"]
[Source "ChessBase"]
[SourceDate "2022.10.05"]
[SourceVersion "1"]
[SourceVersionDate "2022.10.05"]
[SourceQuality "1"]

1. d4 d5 2. c4 e6 3. Nc3 Nf6 4. cxd5 exd5 5. Bg5 c6 6. e3 Bd6 7. Qc2 O-O 8. Bd3 h6 9. Bh4 Re8 10. Nge2 Nbd7 11. Bh7+ Kh8 12. Bf5 Nf8 13. O-O Ne6 14. Rab1 Ng5 15. b4 Nge4 16. Bxe4 dxe4 17. f4 exf3 18. Rxf3 Bxh2+ 19. Kh1 Bd6 20. Bxf6 gxf6 21. Ne4 f5 22. Nxd6 Qxd6 23. Nf4 Be6 24. b5 Rg8 25. bxc6 Qxc6 26. Qb2 Bd5 27. Rc1 Rxg2 28. Nxg2 Qg6 29. Rh3 Rg8 30. Rg1 Qg4 31. Kh2 h5 32. Qf2 Rg5 33. Nf4 1-0

[Event "Titled Tuesday intern op 19th Jul Late"]
[Site "Chess.com INT"]
[Date "2022.07.19"]
[Round "5"]
[White "Hansen, Eric"]
[Black "Oparin, Grigoriy"]
[Result "1-0"]
[WhiteElo "2606"]
[BlackElo "2683"]
[PlyCount "93"]
[GameId "1806437914529792"]
[EventDate "2022.07.19"]
[EventType "swiss (blitz)"]
[EventRounds "11"]
[EventCountry "USA"]
[SourceTitle "EXT 2023"]
[Source "ChessBase"]
[SourceDate "2022.10.05"]
[SourceVersion "1"]
[SourceVersionDate "2022.10.05"]
[SourceQuality "1"]

1. e4 e5 2. Nf3 Nc6 3. Bb5 Nf6 4. d3 d6 5. c3 a6 6. Ba4 g6 7. O-O Bd7 8. Re1 Bg7 9. d4 O-O 10. h3 Qe8 11. Bc2 Kh8 12. Nbd2 Nh5 13. Nf1 f5 14. dxe5 dxe5 15. Be3 b6 16. b4 f4 17. Bd2 h6 18. c4 Rd8 19. b5 axb5 20. cxb5 Na5 21. a4 Nc4 22. Bb4 Rg8 23. Qe2 Be6 24. Bb3 Na5 25. Bxe6 Qxe6 26. Bxa5 bxa5 27. Rec1 Rd7 28. Rc6 Qf7 29. Rd1 Rgd8 30. Rxc7 Rxc7 31. Rxd8+ Kh7 32. Rd5 Qe6 33. Qd3 Bf6 34. N1d2 Ng7 35. Rd6 Qf7 36. b6 Rc1+ 37. Kh2 g5 38. Qb3 Qe7 39. b7 Qxd6 40. b8=Q Qe7 41. Q8g8+ Kg6 42. Qbd5 h5 43. Nc4 Rxc4 44. Qxc4 g4 45. Qcc8 gxf3 46. Qf5+ Kh6 47. Qh8# 1-0

[Event "Titled Tuesday intern op 19th Jul Late"]
[Site "Chess.com INT"]
[Date "2022.07.19"]
[Round "7"]
[White "Hansen, Eric"]
[Black "Andreikin, Dmitry"]
[Result "1-0"]
[WhiteElo "2606"]
[BlackElo "2729"]
[PlyCount "173"]
[GameId "1806437915377664"]
[EventDate "2022.07.19"]
[EventType "swiss (blitz)"]
[EventRounds "11"]
[EventCountry "USA"]
[SourceTitle "EXT 2023"]
[Source "ChessBase"]
[SourceDate "2022.10.05"]
[SourceVersion "1"]
[SourceVersionDate "2022.10.05"]
[SourceQuality "1"]

1. e4 c5 2. Nf3 e6 3. g3 Nc6 4. Bg2 Nf6 5. Qe2 e5 6. O-O d6 7. c3 Be7 8. Rd1 Qb6 9. Na3 O-O 10. h3 Re8 11. Nc4 Qa6 12. d3 Be6 13. Bf1 Rad8 14. Ng5 Bc8 15. a4 d5 16. exd5 Nxd5 17. Bd2 Bxg5 18. Bxg5 f6 19. Bd2 Be6 20. Bg2 b6 21. Kh2 Qc8 22. Re1 Bf7 23. Rad1 Qa6 24. b3 Qc8 25. Rc1 Qd7 26. Red1 Bg6 27. Be1 Kh8 28. Be4 Nde7 29. h4 Qe6 30. h5 Bf5 31. h6 g5 32. Ne3 Bxe4 33. dxe4 Qxb3 34. Qf3 Ng8 35. Rd5 Nce7 36. Rxd8 Rxd8 37. Ng4 Qe6 38. Kg2 c4 39. Rb1 Rd3 40. Qe2 Qc6 41. a5 b5 42. f3 a6 43. Qa2 Qe6 44. Qe2 Qd7 45. Qa2 Qe8 46. Qa3 Qc6 47. Bf2 Qe6 48. Qc5 Ng6 49. Rc1 f5 50. exf5 Qxf5 51. Qc6 Rd2 52. Qe4 Qxe4 53. fxe4 Nf8 54. Kf3 Nd7 55. Be3 Rd3 56. Nf2 Rd6 57. Bxg5 Nxh6 58. Bxh6 Rxh6 59. Rd1 Rf6+ 60. Ke3 Nc5 61. Rd5 Nb3 62. Ng4 Rg6 63. Rd8+ Kg7 64. Rd7+ Kg8 65. Rd8+ Kg7 66. Rd7+ Kf8 67. Nxe5 Rxg3+ 68. Kf4 Rxc3 69. Rxh7 Nc5 70. Ng6+ Ke8 71. Ra7 Rd3 72. Ra8+ Kd7 73. Ne5+ Kc7 74. Nxd3 cxd3 75. Ke3 b4 76. Kd2 b3 77. Kc3 Kc6 78. Rh8 Kb5 79. Rh5 Kc6 80. e5 Kd5 81. e6+ Kd6 82. Rxc5 Kxc5 83. e7 d2 84. Kxd2 b2 85. Kc2 Kb4 86. Kb1 Ka3 87. e8=Q 1-0

[Event "Titled Tuesday intern op 19th Jul Late"]
[Site "Chess.com INT"]
[Date "2022.07.19"]
[Round "8"]
[White "Naroditsky, Daniel"]
[Black "Hansen, Eric"]
[Result "1-0"]
[WhiteElo "2617"]
[BlackElo "2606"]
[PlyCount "85"]
[GameId "1806437915545600"]
[EventDate "2022.07.19"]
[EventType "swiss (blitz)"]
[EventRounds "11"]
[EventCountry "USA"]
[SourceTitle "EXT 2023"]
[Source "ChessBase"]
[SourceDate "2022.10.05"]
[SourceVersion "1"]
[SourceVersionDate "2022.10.05"]
[SourceQuality "1"]

1. e4 e5 2. Nf3 Nc6 3. Bb5 a6 4. Ba4 Nf6 5. O-O Be7 6. Bxc6 dxc6 7. d3 Nd7 8. Nbd2 O-O 9. Nc4 Bd6 10. b3 c5 11. Bb2 Re8 12. Nfd2 b5 13. Nxd6 cxd6 14. f4 f6 15. Qh5 Nb8 16. a4 Bb7 17. Rf3 Qe7 18. Rg3 Nc6 19. Rf1 Qf7 20. Qh4 Bc8 21. fxe5 dxe5 22. Rxf6 Qe7 23. Qh5 Bg4 24. Rxg4 Qxf6 25. Nf3 Nd4 26. Bxd4 cxd4 27. Rg5 bxa4 28. bxa4 Rac8 29. Nxe5 Rf8 30. Rf5 Qe6 31. Rxf8+ Rxf8 32. Nf3 Qc6 33. h3 Qxc2 34. Qd5+ Kh8 35. Qxd4 Qc1+ 36. Kh2 Qc7+ 37. e5 a5 38. Qd5 Rd8 39. Qe4 h6 40. Nh4 Kg8 41. d4 Qc4 42. Nf5 Qe6 43. d5 1-0

[Event "Titled Tuesday intern op 19th Jul Late"]
[Site "Chess.com INT"]
[Date "2022.07.19"]
[Round "9"]
[White "Hansen, Eric"]
[Black "Terry, Renato"]
[Result "1/2-1/2"]
[WhiteElo "2606"]
[BlackElo "2502"]
[PlyCount "215"]
[GameId "1806437915959296"]
[EventDate "2022.07.19"]
[EventType "swiss (blitz)"]
[EventRounds "11"]
[EventCountry "USA"]
[SourceTitle "EXT 2023"]
[Source "ChessBase"]
[SourceDate "2022.10.05"]
[SourceVersion "1"]
[SourceVersionDate "2022.10.05"]
[SourceQuality "1"]

1. e4 e6 2. d4 d5 3. Nc3 Nf6 4. e5 Nfd7 5. f4 c5 6. Nf3 Nc6 7. Be3 Be7 8. Qd2 O-O 9. dxc5 Qa5 10. O-O-O Nxc5 11. Nd4 Nxd4 12. Bxd4 Rd8 13. Kb1 Qc7 14. Qe3 a6 15. g4 b5 16. Bg2 b4 17. Ne2 a5 18. Ng3 Ba6 19. f5 Bf8 20. Nh5 Rac8 21. Rc1 Ne4 22. Bxe4 dxe4 23. Rhd1 Qd7 24. Rd2 exf5 25. Qg5 h6 26. Nf6+ Kh8 27. Qh4 Qe6 28. gxf5 Qxf5 29. Nxe4 Be7 30. Qxe7 Qxe4 31. Qa7 Ra8 32. Qb6 Bc4 33. b3 Be6 34. Be3 Rdb8 35. Qd4 Qxd4 36. Rxd4 Rb5 37. Bf4 Rc5 38. Kb2 Rac8 39. Bd2 Rxe5 40. c3 Re2 41. cxb4 Rxc1 42. Kxc1 axb4 43. h4 f6 44. Rxb4 g5 45. a4 g4 46. Bf4 Rf2 47. a5 Ra2 48. Rb6 Bxb3 49. Rxf6 Rxa5 50. Rxh6+ Kg7 51. Rb6 Rc5+ 52. Kd2 Bf7 53. Ke3 Rh5 54. Bg5 g3 55. Kf3 Kg8 56. Rb8+ Kg7 57. Rb6 Kg8 58. Kxg3 Rh7 59. Bf6 Rh6 60. Rb8+ Kh7 61. Bg5 Re6 62. Rb7 Kg6 63. Rb4 Rc6 64. Rb7 Rc3+ 65. Kf2 Rc4 66. Ke3 Bd5 67. Rb6+ Kf5 68. Rf6+ Kg4 69. Kd3 Ra4 70. Rf8 Be4+ 71. Ke3 Bg6 72. Rf6 Re4+ 73. Kf2 Bf5 74. Rf8 Re6 75. Rg8 Rg6 76. Rd8 Re6 77. Rd5 Re4 78. Rd6 Re6 79. Rd4+ Re4 80. Rd1 Kh5 81. Rd6 Kg4 82. Rb6 Re6 83. Rb3 Re4 84. Rg3+ Kh5 85. Bd8 Rg4 86. Rf3 Be4 87. Rf8 Kg6 88. Ke3 Bd5 89. Bg5 Re4+ 90. Kd3 Ra4 91. Rf6+ Kh5 92. Rd6 Be4+ 93. Ke3 Bf5 94. Kf3 Bg4+ 95. Kg3 Ra3+ 96. Kf4 Ra4+ 97. Ke5 Ra5+ 98. Kf6 Bf3 99. Rd4 Ra6+ 100. Kf7 Ra7+ 101. Ke6 Ra6+ 102. Kf5 Ra5+ 103. Kf4 Bg4 104. Rd6 Rf5+ 105. Ke4 Bh3 106. Rh6+ Kg4 107. Rg6 Kh5 108. Rh6+ 1/2-1/2

[Event "Titled Tuesday intern op 19th Jul Late"]
[Site "Chess.com INT"]
[Date "2022.07.19"]
[Round "11"]
[White "Paravyan, David"]
[Black "Hansen, Eric"]
[Result "1-0"]
[WhiteElo "2620"]
[BlackElo "2606"]
[PlyCount "131"]
[GameId "1806437916426240"]
[EventDate "2022.07.19"]
[EventType "swiss (blitz)"]
[EventRounds "11"]
[EventCountry "USA"]
[SourceTitle "EXT 2023"]
[Source "ChessBase"]
[SourceDate "2022.10.05"]
[SourceVersion "1"]
[SourceVersionDate "2022.10.05"]
[SourceQuality "1"]

1. e4 e5 2. Nf3 Nc6 3. Nc3 Nf6 4. d4 exd4 5. Nxd4 Bb4 6. Nxc6 bxc6 7. Bd3 d5 8. exd5 O-O 9. O-O cxd5 10. Bg5 c6 11. Qf3 h6 12. Bxf6 Qxf6 13. Qxf6 gxf6 14. Ne2 Bd6 15. Nd4 c5 16. Nf5 Bxf5 17. Bxf5 Rfe8 18. Rad1 Rad8 19. Bg4 Be5 20. b3 Bc3 21. Rd3 d4 22. Rg3 Kf8 23. Bf5 Re5 24. Bd3 Rde8 25. Rh3 Kg7 26. f4 Re3 27. Rh5 Bb4 28. Bb5 R8e4 29. Bd3 Re7 30. Rd5 Re1 31. g3 R1e3 32. Kg2 R3e6 33. Kf3 Re3+ 34. Kg4 R3e6 35. Kf5 Rb6 36. Rd8 Rbe6 37. Rf3 h5 38. Rd5 Re3 39. Rxe3 dxe3 40. Be2 Ba3 41. Rd8 Bb4 42. Rc8 Rd7 43. Re8 Rd5+ 44. Ke4 Rd2 45. Kxe3 Rxc2 46. a4 Rb2 47. Bc4 Rxh2 48. Re7 f5 49. Rxf7+ Kg6 50. Rxa7 h4 51. gxh4 Rh3+ 52. Kf2 Rxh4 53. Kg3 Rg4+ 54. Kf3 Bd2 55. a5 Rxf4+ 56. Ke2 Bxa5 57. Rxa5 Re4+ 58. Kf3 Re5 59. b4 Kg5 60. Rxc5 Re4 61. b5 Rf4+ 62. Ke3 Re4+ 63. Kd2 Re7 64. Bd3 Kf4 65. Rxf5+ Kg3 66. Rf6 1-0

[Event "Chess.com Rapid Wk22 Swiss"]
[Site "Chess.com INT"]
[Date "2022.07.23"]
[Round "1"]
[White "Rychagov, Andrey"]
[Black "Hansen, Eric"]
[Result "0-1"]
[WhiteElo "2547"]
[BlackElo "2606"]
[PlyCount "92"]
[GameId "1806437916487680"]
[EventDate "2022.07.23"]
[EventType "swiss (rapid)"]
[EventRounds "9"]
[EventCountry "USA"]
[SourceTitle "CBM 209 Extra"]
[Source "ChessBase"]
[SourceDate "2022.09.30"]
[SourceVersion "1"]
[SourceVersionDate "2022.09.30"]
[SourceQuality "1"]

1. d4 Nf6 2. c4 e6 3. Nf3 b6 4. a3 Bb7 5. Nc3 d5 6. Bg5 Be7 7. cxd5 Nxd5 8. Bxe7 Qxe7 9. Nxd5 Bxd5 10. Qc2 O-O 11. e4 Bb7 12. Bd3 c5 13. dxc5 Rc8 14. O-O Rxc5 15. Qe2 Nd7 16. b4 Rc7 17. Nd4 Ne5 18. Ba6 Rd8 19. Bxb7 Rxd4 20. Ba6 Qd6 21. Rad1 Rd7 22. Rc1 g6 23. Qe3 Ng4 24. Qg3 Qxg3 25. hxg3 Rd2 26. Bb5 Rd8 27. Rc7 Ra2 28. Rxa7 Rdd2 29. Be8 Ne5 30. a4 Kf8 31. Bb5 Rdb2 32. Rc1 Rxf2 33. Bf1 Rfb2 34. a5 Rxb4 35. axb6 Rab2 36. Rc5 Ng4 37. Rcc7 Nh6 38. b7 Kg7 39. e5 g5 40. Bc4 Kg6 41. Bd3+ Kh5 42. Bxh7 R4b3 43. Be4 Re3 44. Bf3+ g4 45. Ra2 Re1+ 46. Kh2 Rbb1 0-1

[Event "Chess.com Rapid Wk22 Swiss"]
[Site "Chess.com INT"]
[Date "2022.07.23"]
[Round "4"]
[White "Bartel, Mateusz"]
[Black "Hansen, Eric"]
[Result "1-0"]
[WhiteElo "2597"]
[BlackElo "2606"]
[PlyCount "53"]
[GameId "1806437916770304"]
[EventDate "2022.07.23"]
[EventType "swiss (rapid)"]
[EventRounds "9"]
[EventCountry "USA"]
[SourceTitle "CBM 209 Extra"]
[Source "ChessBase"]
[SourceDate "2022.09.30"]
[SourceVersion "1"]
[SourceVersionDate "2022.09.30"]
[SourceQuality "1"]

1. e4 c5 2. Nf3 e6 3. Nc3 Nc6 4. g3 e5 5. d3 d6 6. Bg2 Be7 7. Nd2 Nf6 8. Nc4 O-O 9. Ne3 Re8 10. O-O Bf8 11. a4 h6 12. f4 exf4 13. gxf4 Nd4 14. Kh1 Be6 15. f5 Bd7 16. Ncd5 Nc6 17. Nxf6+ Qxf6 18. Nd5 Qh4 19. Rf4 Qd8 20. Rg4 Kh7 21. Rg3 Ne5 22. Qh5 g6 23. Qh3 Bg7 24. Bg5 f6 25. Nxf6+ Qxf6 26. Bxf6 Bxf6 27. Rxg6 1-0

[Event "Chess.com Rapid Wk22 Swiss"]
[Site "Chess.com INT"]
[Date "2022.07.23"]
[Round "6"]
[White "Kravtsiv, Martyn"]
[Black "Hansen, Eric"]
[Result "1-0"]
[WhiteElo "2598"]
[BlackElo "2606"]
[PlyCount "47"]
[GameId "1806437916971008"]
[EventDate "2022.07.23"]
[EventType "swiss (rapid)"]
[EventRounds "9"]
[EventCountry "USA"]
[SourceTitle "CBM 209 Extra"]
[Source "ChessBase"]
[SourceDate "2022.09.30"]
[SourceVersion "1"]
[SourceVersionDate "2022.09.30"]
[SourceQuality "1"]

1. e4 c5 2. Nf3 e6 3. d4 cxd4 4. Nxd4 a6 5. Be2 Nf6 6. Nc3 Qc7 7. O-O Bb4 8. Qd3 Nc6 9. Bg5 Be7 10. Nxc6 bxc6 11. f4 d5 12. e5 Nd7 13. Bxe7 Kxe7 14. Na4 a5 15. Qg3 g6 16. Rac1 c5 17. Bb5 Nb6 18. c4 d4 19. Qh4+ Kf8 20. f5 Rg8 21. fxg6 Rxg6 22. Nxb6 Bb7 23. g3 Qxb6 24. Rxf7+ 1-0

[Event "Chess.com Rapid Wk25 Swiss"]
[Site "Chess.com INT"]
[Date "2022.08.13"]
[Round "5"]
[White "Rustemov, Alexander"]
[Black "Hansen, Eric"]
[Result "0-1"]
[WhiteElo "2525"]
[BlackElo "2606"]
[PlyCount "106"]
[GameId "1814084885807104"]
[EventDate "2022.08.13"]
[EventType "swiss (rapid)"]
[EventRounds "9"]
[EventCountry "USA"]
[SourceTitle "CBM 209 Extra"]
[Source "ChessBase"]
[SourceDate "2022.09.30"]
[SourceVersion "1"]
[SourceVersionDate "2022.09.30"]
[SourceQuality "1"]

1. d4 Nf6 2. c4 e6 3. Nf3 d5 4. Nc3 Bb4 5. Bg5 h6 6. Bxf6 Qxf6 7. e3 O-O 8. Qb3 c5 9. cxd5 exd5 10. dxc5 Nc6 11. O-O-O Bxc3 12. Qxc3 Qxc3+ 13. bxc3 Be6 14. Nd4 Rac8 15. Kb2 Ne5 16. Nb3 Nd7 17. Rd4 Nxc5 18. Nxc5 Rxc5 19. Be2 Rfc8 20. Rc1 Kf8 21. Rb4 b6 22. h4 R8c7 23. g3 Ke7 24. Rd4 Kf6 25. Rf4+ Ke7 26. Rd4 Bf5 27. Bf3 Rb5+ 28. Rb4 Ra5 29. Rd1 Be6 30. Rbd4 Rb5+ 31. Rb4 Rbc5 32. Rc1 g5 33. Rd4 Kf6 34. Rc2 Ke5 35. Rc1 Rc4 36. hxg5 hxg5 37. Be2 R4c5 38. f4+ gxf4 39. exf4+ Kf6 40. g4 Bc8 41. Bf3 Bb7 42. Rc2 Rb5+ 43. Kc1 Rbc5 44. Kb2 Ra5 45. Rcd2 Rcc5 46. g5+ Kg6 47. Rh2 Bc8 48. Rh6+ Kg7 49. Rd6 Be6 50. f5 Rab5+ 51. Rb4 Bxf5 52. Bxd5 Rxd5 53. Rxb5 Rxb5+ 0-1

[Event "Chess.com Rapid Wk25 Swiss"]
[Site "Chess.com INT"]
[Date "2022.08.13"]
[Round "6"]
[White "Hansen, Eric"]
[Black "Shimanov, Aleksandr"]
[Result "0-1"]
[WhiteElo "2606"]
[BlackElo "2581"]
[PlyCount "106"]
[GameId "1814084885909504"]
[EventDate "2022.08.13"]
[EventType "swiss (rapid)"]
[EventRounds "9"]
[EventCountry "USA"]
[SourceTitle "CBM 209 Extra"]
[Source "ChessBase"]
[SourceDate "2022.09.30"]
[SourceVersion "1"]
[SourceVersionDate "2022.09.30"]
[SourceQuality "1"]

1. d4 Nf6 2. c4 g6 3. Nc3 Bg7 4. e4 d6 5. Be2 O-O 6. Be3 e5 7. d5 Na6 8. Nf3 Ng4 9. Bg5 f6 10. Bh4 h5 11. Nd2 c5 12. Nf1 Nh6 13. f3 Nf7 14. Ne3 Bh6 15. Bf2 Bd7 16. O-O f5 17. exf5 gxf5 18. f4 Bxf4 19. g3 Bh6 20. Bxh5 Ng5 21. Kg2 Qe7 22. h4 Nh7 23. Bg6 Qg7 24. h5 f4 25. Nc2 f3+ 26. Kg1 Ng5 27. Be3 Bg4 28. Kh2 Rf6 29. Qd3 Raf8 30. Bxg5 Bxg5 31. Ne4 Rxg6 32. hxg6 Qxg6 33. Kg1 Rf7 34. Rae1 Rh7 35. Rxf3 Qh5 36. Nxg5 Qxg5 37. Rf8+ Kxf8 38. Qxh7 Bf3 39. Kf2 e4 40. Re3 Qf6 41. Ke1 Nb4 42. Nxb4 cxb4 43. Qd7 Qxb2 44. Qxd6+ Kg7 45. Qe7+ Kg6 46. Qe6+ Kg5 47. Qe7+ Kh5 48. Qh7+ Kg5 49. Qe7+ Kh6 50. Qe6+ Kh5 51. Qf7+ Kg4 52. Qf4+ Kh3 53. Rxf3 Qb1+ 0-1

[Event "Chess.com Rapid Wk25 Swiss"]
[Site "Chess.com INT"]
[Date "2022.08.13"]
[Round "7"]
[White "Hansen, Eric"]
[Black "Narayanan, Sunilduth Lyna"]
[Result "1-0"]
[WhiteElo "2606"]
[BlackElo "2654"]
[PlyCount "127"]
[GameId "1814084885983232"]
[EventDate "2022.08.13"]
[EventType "swiss (rapid)"]
[EventRounds "9"]
[EventCountry "USA"]
[SourceTitle "CBM 209 Extra"]
[Source "ChessBase"]
[SourceDate "2022.09.30"]
[SourceVersion "1"]
[SourceVersionDate "2022.09.30"]
[SourceQuality "1"]

1. e4 c5 2. Nf3 d6 3. d4 cxd4 4. Nxd4 Nf6 5. Nc3 a6 6. a4 e5 7. Nf3 Be7 8. Bc4 Be6 9. Qe2 Nbd7 10. O-O Rc8 11. Bxe6 fxe6 12. a5 h6 13. Nh4 Kf7 14. Rd1 Qc7 15. Ra4 Rhd8 16. g3 Nc5 17. Ra3 d5 18. exd5 exd5 19. Nf5 Bf8 20. f4 Nce4 21. Rb3 exf4 22. Bxf4 Qxa5 23. Rxb7+ Kg8 24. Nxe4 dxe4 25. Rxd8 Rxd8 26. g4 e3 27. Bxe3 Qe5 28. Qf3 Re8 29. Kg2 Nd5 30. Bxh6 g6 31. Bxf8 gxf5 32. Bh6 f4 33. Rg7+ Kh8 34. Rg5 Ne3+ 35. Kh3 Qe4 36. Bg7+ Kh7 37. Qf2 Ng2 38. Qxg2 Qe1 39. Bd4 Kh6 40. Rh5+ Kg6 41. Qc6+ Re6 42. Qf3 Re4 43. c3 a5 44. Rf5 Qe2 45. Rxf4 Qxf3+ 46. Rxf3 Re2 47. Kg3 Rxb2 48. h4 a4 49. h5+ Kh6 50. c4 Rd2 51. Be3+ Kg7 52. Bxd2 a3 53. Rxa3 Kf6 54. Ra5 Ke6 55. Rf5 Kd6 56. Kf3 Kc6 57. Ke3 Kb6 58. h6 Kc6 59. h7 Kd6 60. h8=Q Kd7 61. Qh5 Ke6 62. Qg6+ Ke7 63. Rf7+ Ke8 64. Qg8# 1-0

[Event "Chess.com Rapid Wk25 Swiss"]
[Site "Chess.com INT"]
[Date "2022.08.13"]
[Round "9"]
[White "Lenderman, Aleksandr"]
[Black "Hansen, Eric"]
[Result "1-0"]
[WhiteElo "2535"]
[BlackElo "2606"]
[PlyCount "69"]
[GameId "1814084886073344"]
[EventDate "2022.08.13"]
[EventType "swiss (rapid)"]
[EventRounds "9"]
[EventCountry "USA"]
[SourceTitle "CBM 209 Extra"]
[Source "ChessBase"]
[SourceDate "2022.09.30"]
[SourceVersion "1"]
[SourceVersionDate "2022.09.30"]
[SourceQuality "1"]

1. e4 c5 2. Be2 e6 3. d3 d5 4. f4 Bd6 5. Nf3 Ne7 6. O-O Nbc6 7. c3 f6 8. Kh1 O-O 9. Be3 b5 10. Nbd2 Kh8 11. g3 c4 12. Bg1 Bb7 13. Re1 a6 14. Bf1 cxd3 15. Bxd3 dxe4 16. Nxe4 Na5 17. Bf1 Bd5 18. Bg2 Rc8 19. Nd4 e5 20. Ne6 Bxe6 21. Nxd6 Nc4 22. fxe5 Nxe5 23. Nxc8 Qxc8 24. Qd6 N7g6 25. Qc5 Qe8 26. Qb6 Qc8 27. Qb7 h5 28. Qxc8 Rxc8 29. a4 Rb8 30. axb5 axb5 31. Ra8 Rxa8 32. Bxa8 Bc4 33. Be4 Nd3 34. Re3 Nge5 35. b3 1-0

[Event "Titled Tuesday intern op 30th Aug Late"]
[Site "Chess.com INT"]
[Date "2022.08.30"]
[Round "1"]
[White "Peatman, Carter F"]
[Black "Hansen, Eric"]
[Result "1-0"]
[WhiteElo "1950"]
[BlackElo "2606"]
[PlyCount "109"]
[GameId "1821686357626880"]
[EventDate "2022.08.30"]
[EventType "swiss (blitz)"]
[EventRounds "11"]
[EventCountry "USA"]
[SourceTitle "EXT 2023"]
[Source "ChessBase"]
[SourceDate "2022.10.05"]
[SourceVersion "1"]
[SourceVersionDate "2022.10.05"]
[SourceQuality "1"]

1. d4 Nf6 2. Bf4 g6 3. e3 Bg7 4. Nf3 d6 5. h3 c5 6. c3 Qb6 7. Qb3 Be6 8. Qa3 O-O 9. Nbd2 Rc8 10. Be2 cxd4 11. exd4 Nd5 12. Bg3 Bh6 13. O-O Nf4 14. Rfe1 Nxe2+ 15. Rxe2 Nc6 16. Rae1 Bd5 17. Bh4 Bf8 18. Qa4 f6 19. Bg3 Qa6 20. Qxa6 bxa6 21. c4 Bf7 22. Rc1 Rab8 23. b3 Nb4 24. Ne4 Bh6 25. Rd1 Rb7 26. Nc3 a5 27. Na4 Be8 28. Nc3 a4 29. Rde1 axb3 30. axb3 Bf8 31. Bxd6 Nd3 32. Rd1 Nxf2 33. Kxf2 exd6 34. Nd5 Kg7 35. Re3 Bf7 36. Nf4 Rcb8 37. Rdd3 g5 38. Ne2 Bg6 39. Rc3 h5 40. g3 Kf7 41. h4 Bh6 42. hxg5 fxg5 43. Nd2 Bg7 44. Rf3+ Kg8 45. Rfe3 a5 46. c5 dxc5 47. Rxc5 Rf8+ 48. Kg2 Bh6 49. Re6 Kh7 50. Rcc6 Rg7 51. Nf3 h4 52. Ne5 Be4+ 53. Kh3 Bxc6 54. Rxc6 Rf2 55. Nc3 1-0